[Event "DEM U14 2022"]
[Site "Willingen GER"]
[Date "2022.06.10"]
[Round "8"]
[White "Möller, Maurin"]
[Black "Deuer, Marius"]
[Result "1/2-1/2"]
[Termination "normal"]
[Board "1"]
[BlackTitle "FM"]
[WhiteElo "1780"]
[BlackElo "2351"]
[WhiteClock "00:11:37"]
[BlackClock "00:00:57"]
[PlyCount "114"]
[WhiteFideId "16265696"]
[BlackFideId "16236432"]
[EventCountry "GER"]
[EventRounds "9"]
[EventType "swiss"]
[EventDate "2022.06.04"]

1. e4 {[%clk 1:30:58]} c6 {[%clk 1:30:54]} 2. c4 {[%clk 1:31:20]} d5 {[%clk
1:31:17]} 3. exd5 {[%clk 1:31:45]} cxd5 {[%clk 1:31:38]} 4. cxd5 {[%clk
1:32:11]} Nf6 {[%clk 1:31:59]} 5. Nc3 {[%clk 1:32:29]} Nxd5 {[%clk 1:32:21]} 6.
Nf3 {[%clk 1:32:52]} Nc6 {[%clk 1:32:43]} 7. Bc4 {[%clk 1:32:53]} Nb6 {[%clk
1:32:44]} 8. Bb3 {[%clk 1:33:09]} Na5 {[%clk 1:31:17]} 9. Bc2 {[%clk 1:33:16]}
g6 {[%clk 1:31:37]} 10. O-O {[%clk 1:31:08]} Bg7 {[%clk 1:31:33]} 11. d4 {[%clk
1:31:15]} O-O {[%clk 1:26:23]} 12. h3 {[%clk 1:00:47]} Be6 {[%clk 1:23:33]} 13.
Re1 {[%clk 0:54:54]} Rc8 {[%clk 1:09:23]} 14. Ne2 {[%clk 0:40:57]} Nc6 {[%clk
0:51:52]} 15. Nf4 {[%clk 0:34:16]} Bc4 {[%clk 0:50:44]} 16. Be3 {[%clk
0:33:41]} Nd5 {[%clk 0:47:32]} 17. Bb3 {[%clk 0:27:03]} Na5 {[%clk 0:30:55]}
18. Nd3 {[%clk 0:23:16]} Nxb3 {[%clk 0:29:24]} 19. axb3 {[%clk 0:23:34]} Bxd3
{[%clk 0:29:41]} 20. Qxd3 {[%clk 0:23:20]} Nb4 {[%clk 0:29:48]} 21. Qe4 {[%clk
0:23:05]} Nc2 {[%clk 0:29:51]} 22. Rxa7 {[%clk 0:23:21]} Nxe1 {[%clk 0:29:01]}
23. Nxe1 {[%clk 0:23:49]} Rc7 {[%clk 0:25:52]} 24. Nd3 {[%clk 0:21:33]} b6
{[%clk 0:19:52]} 25. Ra6 {[%clk 0:21:31]} Rc8 {[%clk 0:12:12]} 26. Nb4 {[%clk
0:16:29]} e6 {[%clk 0:06:57]} 27. d5 {[%clk 0:08:35]} exd5 {[%clk 0:06:51]} 28.
Qxd5 {[%clk 0:08:57]} Qc7 {[%clk 0:04:59]} 29. Rxb6 {[%clk 0:08:06]} Rfd8
{[%clk 0:01:03]} 30. Qf3 {[%clk 0:08:30]} Ra8 {[%clk 0:01:00]} 31. g3 {[%clk
0:06:55]} Qd7 {[%clk 0:00:48]} 32. Rb7 {[%clk 0:06:54]} Qe6 {[%clk 0:00:41]}
33. Nc6 {[%clk 0:06:08]} Re8 {[%clk 0:01:05]} 34. Kh2 {[%clk 0:05:04]} Ra2
{[%clk 0:00:36]} 35. Bc5 {[%clk 0:02:08]} Rxb2 {[%clk 0:00:38]} 36. Re7 {[%clk
0:02:29]} Rxf2+ {[%clk 0:00:34]} 37. Qxf2 {[%clk 0:02:39]} Rxe7 {[%clk
0:00:40]} 38. Nxe7+ {[%clk 0:03:03]} Kh8 {[%clk 0:01:03]} 39. b4 {[%clk
0:02:40]} h5 {[%clk 0:01:02]} 40. b5 {[%clk 0:02:52]} h4 {[%clk 0:00:34]} 41.
g4 {[%clk 0:22:40]} Be5+ {[%clk 0:21:30]} 42. Kg2 {[%clk 0:22:35]} Bf6 {[%clk
0:14:38]} 43. Qe3 {[%clk 0:20:41]} Qxe3 {[%clk 0:11:31]} 44. Bxe3 {[%clk
0:21:06]} Bxe7 {[%clk 0:11:57]} 45. Ba7 {[%clk 0:21:33]} Kg7 {[%clk 0:10:33]}
46. Kf3 {[%clk 0:21:44]} Kf6 {[%clk 0:08:22]} 47. Ke4 {[%clk 0:20:11]} Ke6
{[%clk 0:06:50]} 48. Bd4 {[%clk 0:19:38]} f5+ {[%clk 0:03:23]} 49. gxf5+ {[%clk
0:12:14]} gxf5+ {[%clk 0:03:52]} 50. Kf4 {[%clk 0:12:35]} Bd6+ {[%clk 0:04:12]}
51. Kg5 {[%clk 0:12:44]} Kd5 {[%clk 0:03:59]} 52. Ba7 {[%clk 0:12:52]} Ke4
{[%clk 0:03:51]} 53. Kxh4 {[%clk 0:13:05]} Kf3 {[%clk 0:02:51]} 54. Kg5 {[%clk
0:12:33]} f4 {[%clk 0:02:56]} 55. Bd4 {[%clk 0:12:29]} Kg3 {[%clk 0:00:37]} 56.
b6 {[%clk 0:11:24]} Kxh3 {[%clk 0:00:42]} 57. b7 {[%clk 0:11:37]} f3 {[%clk
0:00:57]} 1/2-1/2

[Event "DEM U14 2022"]
[Site "Willingen GER"]
[Date "2022.06.10"]
[Round "8"]
[White "Ermitsch, Magnus"]
[Black "Besou, Hussain"]
[Result "1-0"]
[Termination "normal"]
[Board "2"]
[WhiteElo "2227"]
[BlackElo "2094"]
[WhiteClock "00:27:55"]
[BlackClock "00:17:12"]
[PlyCount "57"]
[WhiteFideId "16234464"]
[BlackFideId "16269950"]
[EventCountry "GER"]
[EventRounds "9"]
[EventType "swiss"]
[EventDate "2022.06.04"]

1. e4 {[%clk 1:30:57]} c5 {[%clk 1:30:54]} 2. Nf3 {[%clk 1:31:22]} d6 {[%clk
1:31:21]} 3. d4 {[%clk 1:31:47]} cxd4 {[%clk 1:31:47]} 4. Nxd4 {[%clk 1:32:12]}
Nf6 {[%clk 1:32:12]} 5. Nc3 {[%clk 1:32:38]} a6 {[%clk 1:32:39]} 6. Bg5 {[%clk
1:33:03]} e6 {[%clk 1:33:05]} 7. f4 {[%clk 1:33:29]} Be7 {[%clk 1:33:30]} 8.
Qf3 {[%clk 1:33:56]} Qc7 {[%clk 1:33:56]} 9. O-O-O {[%clk 1:34:13]} Nbd7 {[%clk
1:34:19]} 10. g4 {[%clk 1:34:38]} b5 {[%clk 1:34:46]} 11. a3 {[%clk 1:17:57]}
Bb7 {[%clk 1:01:44]} 12. h4 {[%clk 1:15:08]} h6 {[%clk 0:53:18]} 13. Bxf6
{[%clk 1:13:01]} Bxf6 {[%clk 0:51:21]} 14. g5 {[%clk 1:09:10]} Bxd4 {[%clk
0:51:37]} 15. Rxd4 {[%clk 1:09:31]} e5 {[%clk 0:45:42]} 16. Rd1 {[%clk
1:06:33]} exf4 {[%clk 0:46:07]} 17. Qxf4 {[%clk 1:05:33]} Ne5 {[%clk 0:46:16]}
18. Bxb5+ {[%clk 0:58:12]} Kf8 {[%clk 0:41:50]} 19. Ba4 {[%clk 0:56:57]} Qe7
{[%clk 0:37:11]} 20. Bb3 {[%clk 0:56:08]} Rd8 {[%clk 0:31:52]} 21. Rdf1 {[%clk
0:54:43]} hxg5 {[%clk 0:31:56]} 22. hxg5 {[%clk 0:54:43]} Rxh1 {[%clk 0:32:22]}
23. Rxh1 {[%clk 0:55:01]} Ng6 {[%clk 0:32:46]} 24. Qf5 {[%clk 0:52:15]} Qd7
{[%clk 0:32:01]} 25. Rh7 {[%clk 0:42:24]} Bc8 {[%clk 0:28:02]} 26. Qf3 {[%clk
0:35:00]} Qe7 {[%clk 0:25:04]} 27. Qh5 {[%clk 0:34:20]} Qa7 {[%clk 0:17:56]}
28. Kb1 {[%clk 0:31:33]} Qg1+ {[%clk 0:17:12]} 29. Ka2 {[%clk 0:27:55]} 1-0

[Event "DEM U14 2022"]
[Site "Willingen GER"]
[Date "2022.06.10"]
[Round "8"]
[White "Haubold, Sebastian Marcel"]
[Black "Payyappat, Sreyas"]
[Result "0-1"]
[Termination "normal"]
[Board "3"]
[BlackTitle "FM"]
[WhiteElo "1889"]
[BlackElo "2173"]
[WhiteClock "00:02:08"]
[BlackClock "00:44:55"]
[PlyCount "70"]
[WhiteFideId "16259637"]
[BlackFideId "46674969"]
[EventCountry "GER"]
[EventRounds "9"]
[EventType "swiss"]
[EventDate "2022.06.04"]

1. e4 {[%clk 1:30:57]} c6 {[%clk 1:30:55]} 2. d4 {[%clk 1:31:16]} d5 {[%clk
1:31:19]} 3. Nc3 {[%clk 1:31:39]} dxe4 {[%clk 1:31:45]} 4. Nxe4 {[%clk
1:31:59]} Bf5 {[%clk 1:32:04]} 5. Ng3 {[%clk 1:32:20]} Bg6 {[%clk 1:32:29]} 6.
Nf3 {[%clk 1:32:45]} Nd7 {[%clk 1:32:52]} 7. h4 {[%clk 1:32:59]} h6 {[%clk
1:33:17]} 8. h5 {[%clk 1:33:20]} Bh7 {[%clk 1:33:43]} 9. Bd3 {[%clk 1:32:54]}
Bxd3 {[%clk 1:33:33]} 10. Qxd3 {[%clk 1:33:14]} e6 {[%clk 1:33:48]} 11. Bd2
{[%clk 1:32:27]} Ngf6 {[%clk 1:34:09]} 12. O-O-O {[%clk 1:31:03]} Be7 {[%clk
1:34:28]} 13. Kb1 {[%clk 1:26:12]} Qb6 {[%clk 1:34:48]} 14. c4 {[%clk 1:17:53]}
O-O {[%clk 1:34:10]} 15. Ne4 {[%clk 1:11:24]} c5 {[%clk 1:33:35]} 16. Bc3
{[%clk 0:53:04]} Rfd8 {[%clk 1:25:51]} 17. Qc2 {[%clk 0:43:57]} Qa6 {[%clk
1:19:00]} 18. dxc5 {[%clk 0:27:04]} Qxc4 {[%clk 1:16:38]} 19. Rd4 {[%clk
0:27:14]} Qb5 {[%clk 1:16:04]} 20. Nd6 {[%clk 0:19:39]} Bxd6 {[%clk 1:09:58]}
21. cxd6 {[%clk 0:20:01]} Rac8 {[%clk 1:10:03]} 22. a4 {[%clk 0:14:35]} Qc6
{[%clk 1:08:45]} 23. Qe2 {[%clk 0:14:01]} Nd5 {[%clk 1:08:22]} 24. Rc1 {[%clk
0:10:00]} Qxd6 {[%clk 1:07:51]} 25. Bd2 {[%clk 0:09:54]} Rxc1+ {[%clk 0:58:57]}
26. Bxc1 {[%clk 0:10:15]} Nc5 {[%clk 0:57:12]} 27. Ne5 {[%clk 0:07:50]} Nb3
{[%clk 0:55:29]} 28. Rg4 {[%clk 0:06:43]} Nxc1 {[%clk 0:49:03]} 29. Kxc1 {[%clk
0:07:11]} Nb4 {[%clk 0:49:12]} 30. Nc4 {[%clk 0:04:26]} Qc6 {[%clk 0:48:25]}
31. b3 {[%clk 0:03:10]} b5 {[%clk 0:47:02]} 32. axb5 {[%clk 0:02:35]} Qxb5
{[%clk 0:47:23]} 33. Rg3 {[%clk 0:02:17]} Qf5 {[%clk 0:46:04]} 34. Ne5 {[%clk
0:01:57]} Rd5 {[%clk 0:44:34]} 35. Re3 {[%clk 0:02:08]} Rxe5 {[%clk 0:44:55]}
0-1

[Event "DEM U14 2022"]
[Site "Willingen GER"]
[Date "2022.06.10"]
[Round "8"]
[White "Honisch, Alexander"]
[Black "Hagner, Bennet"]
[Result "1-0"]
[Termination "normal"]
[Board "4"]
[WhiteElo "1878"]
[BlackElo "2186"]
[WhiteClock "00:01:22"]
[BlackClock "00:01:42"]
[PlyCount "115"]
[WhiteFideId "16298594"]
[BlackFideId "16224477"]
[EventCountry "GER"]
[EventRounds "9"]
[EventType "swiss"]
[EventDate "2022.06.04"]

1. e4 {[%clk 1:30:42]} e5 {[%clk 1:30:52]} 2. Nf3 {[%clk 1:31:03]} Nc6 {[%clk
1:31:17]} 3. Bb5 {[%clk 1:31:16]} a6 {[%clk 1:31:41]} 4. Ba4 {[%clk 1:31:41]}
b5 {[%clk 1:32:04]} 5. Bb3 {[%clk 1:32:02]} Na5 {[%clk 1:32:29]} 6. Nxe5 {[%clk
1:26:03]} Nxb3 {[%clk 1:32:51]} 7. axb3 {[%clk 1:25:45]} Qg5 {[%clk 1:33:12]}
8. Nf3 {[%clk 1:06:30]} Qxg2 {[%clk 1:33:34]} 9. Rg1 {[%clk 1:06:46]} Qh3
{[%clk 1:33:59]} 10. d3 {[%clk 1:01:54]} Bb7 {[%clk 1:31:06]} 11. Be3 {[%clk
0:55:14]} h6 {[%clk 1:24:41]} 12. Qe2 {[%clk 0:49:21]} f5 {[%clk 1:17:46]} 13.
Nbd2 {[%clk 0:43:01]} fxe4 {[%clk 1:14:09]} 14. Nxe4 {[%clk 0:38:38]} O-O-O
{[%clk 1:13:33]} 15. O-O-O {[%clk 0:33:19]} Qh5 {[%clk 1:03:06]} 16. Nd4 {[%clk
0:21:32]} Qf7 {[%clk 0:56:13]} 17. Qg4 {[%clk 0:16:18]} Kb8 {[%clk 0:47:15]}
18. Rde1 {[%clk 0:12:58]} Ne7 {[%clk 0:38:34]} 19. Kb1 {[%clk 0:08:30]} Nd5
{[%clk 0:36:23]} 20. Nf5 {[%clk 0:05:04]} Nxe3 {[%clk 0:33:31]} 21. fxe3 {[%clk
0:04:19]} d5 {[%clk 0:29:33]} 22. Nd2 {[%clk 0:02:27]} g5 {[%clk 0:27:07]} 23.
Rgf1 {[%clk 0:01:46]} Qe6 {[%clk 0:25:38]} 24. e4 {[%clk 0:01:02]} dxe4 {[%clk
0:19:39]} 25. Nxe4 {[%clk 0:01:16]} Qb6 {[%clk 0:19:03]} 26. h4 {[%clk
0:00:36]} Rg8 {[%clk 0:12:41]} 27. hxg5 {[%clk 0:00:35]} hxg5 {[%clk 0:13:09]}
28. Nfg3 {[%clk 0:00:32]} a5 {[%clk 0:12:01]} 29. Rf6 {[%clk 0:00:38]} Qa7
{[%clk 0:11:19]} 30. Qf5 {[%clk 0:00:42]} Bg7 {[%clk 0:06:45]} 31. Rg6 {[%clk
0:00:32]} Qd4 {[%clk 0:06:53]} 32. Nc3 {[%clk 0:00:31]} b4 {[%clk 0:06:01]} 33.
Nd1 {[%clk 0:00:45]} a4 {[%clk 0:05:06]} 34. bxa4 {[%clk 0:00:32]} b3 {[%clk
0:05:23]} 35. cxb3 {[%clk 0:00:31]} Qxd3+ {[%clk 0:03:26]} 36. Qxd3 {[%clk
0:00:56]} Rxd3 {[%clk 0:03:54]} 37. Nf5 {[%clk 0:00:35]} Rgd8 {[%clk 0:02:34]}
38. Rxg7 {[%clk 0:00:31]} Rxd1+ {[%clk 0:02:57]} 39. Rxd1 {[%clk 0:00:57]}
Rxd1+ {[%clk 0:03:09]} 40. Kc2 {[%clk 0:00:31]} Rg1 {[%clk 0:02:02]} 41. Kd3
{[%clk 0:26:00]} g4 {[%clk 0:29:59]} 42. b4 {[%clk 0:18:09]} Bf3 {[%clk
0:18:47]} 43. b5 {[%clk 0:14:09]} Rd1+ {[%clk 0:15:57]} 44. Kc3 {[%clk
0:12:53]} Be4 {[%clk 0:06:51]} 45. Rg5 {[%clk 0:03:10]} Kb7 {[%clk 0:04:57]}
46. Nd4 {[%clk 0:01:10]} Rg1 {[%clk 0:03:05]} 47. a5 {[%clk 0:01:09]} Rg2
{[%clk 0:02:59]} 48. Ne6 {[%clk 0:01:00]} Bf3 {[%clk 0:00:53]} 49. Rg7 {[%clk
0:01:00]} Kb8 {[%clk 0:00:58]} 50. a6 {[%clk 0:00:40]} Rg1 {[%clk 0:00:39]} 51.
Kd4 {[%clk 0:00:36]} g3 {[%clk 0:00:32]} 52. Rxc7 {[%clk 0:00:33]} Rd1+ {[%clk
0:00:41]} 53. Ke5 {[%clk 0:00:32]} g2 {[%clk 0:00:34]} 54. a7+ {[%clk 0:00:34]}
Ka8 {[%clk 0:01:03]} 55. b6 {[%clk 0:00:42]} g1=Q {[%clk 0:00:45]} 56. Rc8+
{[%clk 0:01:04]} Kb7 {[%clk 0:01:14]} 57. a8=Q+ {[%clk 0:01:22]} Kxb6 {[%clk
0:01:42]} 58. Rb8+ 1-0

[Event "DEM U14 2022"]
[Site "Willingen GER"]
[Date "2022.06.10"]
[Round "8"]
[White "Klaska, Philipp Leon"]
[Black "Udelnov, Valentin"]
[Result "1-0"]
[Termination "normal"]
[Board "5"]
[WhiteElo "1946"]
[BlackElo "1967"]
[WhiteClock "00:27:33"]
[BlackClock "00:45:05"]
[PlyCount "107"]
[WhiteFideId "16238044"]
[BlackFideId "16265734"]
[EventCountry "GER"]
[EventRounds "9"]
[EventType "swiss"]
[EventDate "2022.06.04"]

1. d4 {[%clk 1:30:46]} Nf6 {[%clk 1:30:43]} 2. Nc3 {[%clk 1:30:55]} d5 {[%clk
1:30:36]} 3. Bg5 {[%clk 1:31:19]} Ne4 {[%clk 1:24:35]} 4. Nxe4 {[%clk 1:29:48]}
dxe4 {[%clk 1:24:48]} 5. Qd2 {[%clk 1:27:25]} h6 {[%clk 1:22:23]} 6. Bh4 {[%clk
1:23:37]} g5 {[%clk 1:22:02]} 7. Bg3 {[%clk 1:24:00]} Bg7 {[%clk 1:22:26]} 8.
O-O-O {[%clk 1:22:17]} c6 {[%clk 1:07:05]} 9. h4 {[%clk 1:17:51]} Qd5 {[%clk
1:03:40]} 10. b3 {[%clk 1:08:20]} b5 {[%clk 1:02:00]} 11. f3 {[%clk 0:56:54]}
g4 {[%clk 0:53:50]} 12. fxe4 {[%clk 0:45:27]} Qxe4 {[%clk 0:54:07]} 13. e3
{[%clk 0:44:27]} Bf5 {[%clk 0:51:24]} 14. Bd3 {[%clk 0:39:43]} Qd5 {[%clk
0:51:05]} 15. Bxf5 {[%clk 0:37:18]} Qxf5 {[%clk 0:51:25]} 16. Ne2 {[%clk
0:37:19]} Nd7 {[%clk 0:49:54]} 17. Rhf1 {[%clk 0:36:10]} Qe6 {[%clk 0:49:04]}
18. Nf4 {[%clk 0:28:08]} Qe4 {[%clk 0:47:23]} 19. Nd3 {[%clk 0:23:09]} O-O
{[%clk 0:43:01]} 20. Rf4 {[%clk 0:19:21]} Qg6 {[%clk 0:41:46]} 21. Qe2 {[%clk
0:17:07]} h5 {[%clk 0:41:14]} 22. Rdf1 {[%clk 0:15:38]} Bh6 {[%clk 0:37:50]}
23. Rf5 {[%clk 0:13:42]} e6 {[%clk 0:36:34]} 24. Ne5 {[%clk 0:13:22]} Nxe5
{[%clk 0:36:57]} 25. Rxe5 {[%clk 0:12:57]} Rfe8 {[%clk 0:34:08]} 26. Bf4 {[%clk
0:11:27]} f6 {[%clk 0:31:11]} 27. Rc5 {[%clk 0:10:45]} Rac8 {[%clk 0:30:24]}
28. Bxh6 {[%clk 0:10:09]} Qxh6 {[%clk 0:30:42]} 29. Rf4 {[%clk 0:09:03]} Qg6
{[%clk 0:29:00]} 30. Rxh5 {[%clk 0:07:01]} Qxh5 {[%clk 0:23:20]} 31. Rxg4+
{[%clk 0:07:20]} Kf7 {[%clk 0:23:31]} 32. Rg7+ {[%clk 0:07:43]} Kxg7 {[%clk
0:23:55]} 33. Qxh5 {[%clk 0:08:08]} Rh8 {[%clk 0:24:02]} 34. Qc5 {[%clk
0:07:53]} Rc7 {[%clk 0:21:02]} 35. Qd6 {[%clk 0:07:27]} Rhc8 {[%clk 0:19:19]}
36. Qxe6 {[%clk 0:07:26]} a5 {[%clk 0:19:07]} 37. g4 {[%clk 0:06:56]} a4 {[%clk
0:18:48]} 38. h5 {[%clk 0:06:58]} axb3 {[%clk 0:18:50]} 39. axb3 {[%clk
0:07:18]} Rf8 {[%clk 0:18:49]} 40. e4 {[%clk 0:04:50]} Rff7 {[%clk 0:18:00]}
41. e5 {[%clk 0:03:45]} fxe5 {[%clk 0:17:53]} 42. dxe5 {[%clk 0:04:03]} c5
{[%clk 0:15:15]} 43. Qg6+ {[%clk 0:30:25]} Kf8 {[%clk 0:44:55]} 44. Qd6+ {[%clk
0:30:25]} Kg7 {[%clk 0:45:18]} 45. e6 {[%clk 0:29:45]} Rf1+ {[%clk 0:45:23]}
46. Kb2 {[%clk 0:29:16]} Ra7 {[%clk 0:45:50]} 47. Qxc5 {[%clk 0:29:20]} Raa1
{[%clk 0:45:21]} 48. Qxb5 {[%clk 0:29:27]} Rab1+ {[%clk 0:45:35]} 49. Ka3
{[%clk 0:29:02]} Ra1+ {[%clk 0:46:01]} 50. Kb4 {[%clk 0:29:24]} Rae1 {[%clk
0:46:12]} 51. g5 {[%clk 0:26:44]} Re4+ {[%clk 0:45:17]} 52. Ka3 {[%clk
0:26:55]} Rfe1 {[%clk 0:45:22]} 53. Qd7+ {[%clk 0:27:16]} Kh8 {[%clk 0:45:05]}
54. h6 {[%clk 0:27:33]} 1-0

[Event "DEM U14 2022"]
[Site "Willingen GER"]
[Date "2022.06.10"]
[Round "8"]
[White "Hoppstädter, Daniel"]
[Black "Kocharin, Timur"]
[Result "1/2-1/2"]
[Termination "normal"]
[Board "6"]
[WhiteElo "1987"]
[BlackElo "1888"]
[WhiteClock "00:12:49"]
[BlackClock "00:11:35"]
[PlyCount "117"]
[WhiteFideId "16243625"]
[BlackFideId "16240936"]
[EventCountry "GER"]
[EventRounds "9"]
[EventType "swiss"]
[EventDate "2022.06.04"]

1. d4 {[%clk 1:30:56]} Nf6 {[%clk 1:29:46]} 2. c4 {[%clk 1:31:16]} e6 {[%clk
1:30:13]} 3. Nc3 {[%clk 1:31:40]} Bb4 {[%clk 1:30:19]} 4. f3 {[%clk 1:32:04]}
Nc6 {[%clk 1:30:43]} 5. Bg5 {[%clk 1:25:23]} d6 {[%clk 1:21:34]} 6. e3 {[%clk
1:23:04]} h6 {[%clk 1:15:21]} 7. Bh4 {[%clk 1:22:02]} e5 {[%clk 1:10:52]} 8. a3
{[%clk 1:14:27]} Bxc3+ {[%clk 1:11:04]} 9. bxc3 {[%clk 1:14:53]} Qe7 {[%clk
1:07:45]} 10. e4 {[%clk 0:44:21]} b6 {[%clk 1:00:53]} 11. c5 {[%clk 0:38:31]}
dxc5 {[%clk 0:51:58]} 12. Bb5 {[%clk 0:33:56]} Bd7 {[%clk 0:48:38]} 13. d5
{[%clk 0:30:41]} Na5 {[%clk 0:47:15]} 14. Bxd7+ {[%clk 0:27:08]} Qxd7 {[%clk
0:43:41]} 15. Bxf6 {[%clk 0:25:33]} gxf6 {[%clk 0:42:08]} 16. Ne2 {[%clk
0:24:59]} Nb7 {[%clk 0:37:30]} 17. g4 {[%clk 0:21:36]} Nd6 {[%clk 0:27:29]} 18.
Ng3 {[%clk 0:15:50]} Qb5 {[%clk 0:23:15]} 19. Qd2 {[%clk 0:11:41]} Nc4 {[%clk
0:16:57]} 20. Qe2 {[%clk 0:07:43]} Qb2 {[%clk 0:16:36]} 21. Qxb2 {[%clk
0:07:55]} Nxb2 {[%clk 0:17:03]} 22. Kd2 {[%clk 0:07:45]} Nc4+ {[%clk 0:17:25]}
23. Kd3 {[%clk 0:08:11]} Nd6 {[%clk 0:17:52]} 24. c4 {[%clk 0:08:37]} Rg8
{[%clk 0:16:45]} 25. a4 {[%clk 0:07:31]} Kd7 {[%clk 0:15:09]} 26. Rhg1 {[%clk
0:07:19]} a6 {[%clk 0:15:05]} 27. Ne2 {[%clk 0:07:23]} Rae8 {[%clk 0:15:04]}
28. Rg3 {[%clk 0:07:30]} Rb8 {[%clk 0:12:49]} 29. Rh3 {[%clk 0:06:48]} Rg6
{[%clk 0:12:34]} 30. Nc3 {[%clk 0:06:20]} Kc8 {[%clk 0:09:00]} 31. Rb1 {[%clk
0:06:12]} Kb7 {[%clk 0:08:10]} 32. Rh5 {[%clk 0:06:28]} Kc8 {[%clk 0:07:57]}
33. Rg1 {[%clk 0:05:31]} Kd7 {[%clk 0:06:37]} 34. Rg3 {[%clk 0:05:57]} Rh8
{[%clk 0:05:42]} 35. Rgh3 {[%clk 0:06:17]} Nc8 {[%clk 0:05:27]} 36. Nd1 {[%clk
0:06:21]} Ne7 {[%clk 0:05:40]} 37. Ne3 {[%clk 0:06:35]} c6 {[%clk 0:05:05]} 38.
Nf5 {[%clk 0:05:17]} cxd5 {[%clk 0:05:17]} 39. exd5 {[%clk 0:04:47]} Nxf5
{[%clk 0:05:26]} 40. gxf5 {[%clk 0:03:03]} Rg5 {[%clk 0:03:45]} 41. Rxg5 {[%clk
0:02:15]} fxg5 {[%clk 0:04:12]} 42. f6 {[%clk 0:02:06]} Kd6 {[%clk 0:01:24]}
43. Ke4 {[%clk 0:29:06]} Rh7 {[%clk 0:31:02]} 44. Rh5 {[%clk 0:29:12]} Rh8
{[%clk 0:31:21]} 45. h4 {[%clk 0:29:31]} gxh4 {[%clk 0:23:59]} 46. Rxh4 {[%clk
0:29:20]} h5 {[%clk 0:23:37]} 47. Kf5 {[%clk 0:29:28]} Rh6 {[%clk 0:19:51]} 48.
Rh1 {[%clk 0:17:36]} h4 {[%clk 0:18:12]} 49. Rb1 {[%clk 0:17:57]} h3 {[%clk
0:18:09]} 50. Rxb6+ {[%clk 0:18:22]} Kc7 {[%clk 0:18:30]} 51. Rb1 {[%clk
0:18:35]} h2 {[%clk 0:18:09]} 52. Rh1 {[%clk 0:18:56]} Kd6 {[%clk 0:17:58]} 53.
a5 {[%clk 0:19:02]} Rh8 {[%clk 0:17:42]} 54. Kg4 {[%clk 0:18:15]} Rh6 {[%clk
0:16:30]} 55. Kg3 {[%clk 0:17:34]} Rxf6 {[%clk 0:13:09]} 56. Rxh2 {[%clk
0:15:35]} Rf4 {[%clk 0:12:13]} 57. Rh6+ {[%clk 0:15:06]} f6 {[%clk 0:12:36]}
58. Rh4 {[%clk 0:15:34]} Rd4 {[%clk 0:11:35]} 59. Rh6 {[%clk 0:12:49]} 1/2-1/2

[Event "DEM U14 2022"]
[Site "Willingen GER"]
[Date "2022.06.10"]
[Round "8"]
[White "Torosyan, Bagrat"]
[Black "Haubold, Christian Lucas"]
[Result "1/2-1/2"]
[Termination "normal"]
[Board "7"]
[WhiteElo "1734"]
[BlackElo "1944"]
[WhiteClock "00:15:12"]
[BlackClock "00:00:50"]
[PlyCount "82"]
[WhiteFideId "16258134"]
[BlackFideId "16259629"]
[EventCountry "GER"]
[EventRounds "9"]
[EventType "swiss"]
[EventDate "2022.06.04"]

1. e4 {[%clk 1:30:58]} e5 {[%clk 1:30:53]} 2. Nf3 {[%clk 1:31:23]} Nc6 {[%clk
1:31:17]} 3. Bc4 {[%clk 1:31:48]} Nf6 {[%clk 1:31:32]} 4. d3 {[%clk 1:32:13]}
Bc5 {[%clk 1:31:21]} 5. c3 {[%clk 1:32:35]} d6 {[%clk 1:31:12]} 6. h3 {[%clk
1:31:50]} a6 {[%clk 1:30:53]} 7. Bb3 {[%clk 1:32:12]} Ba7 {[%clk 1:29:44]} 8.
Nbd2 {[%clk 1:32:00]} h6 {[%clk 1:29:18]} 9. Nf1 {[%clk 1:31:15]} g5 {[%clk
1:26:22]} 10. Be3 {[%clk 1:26:11]} Qe7 {[%clk 1:16:39]} 11. Bxa7 {[%clk
1:23:44]} Nxa7 {[%clk 1:16:20]} 12. Ne3 {[%clk 1:23:04]} Be6 {[%clk 1:14:47]}
13. Qc2 {[%clk 1:22:17]} O-O-O {[%clk 1:14:15]} 14. O-O-O {[%clk 1:22:36]} d5
{[%clk 1:05:50]} 15. Nxe5 {[%clk 1:03:09]} dxe4 {[%clk 1:05:56]} 16. d4 {[%clk
1:03:18]} c5 {[%clk 0:56:26]} 17. Bxe6+ {[%clk 1:02:31]} Qxe6 {[%clk 0:56:38]}
18. Qb3 {[%clk 0:56:13]} Nd5 {[%clk 0:38:08]} 19. Nxf7 {[%clk 0:52:56]} Qxf7
{[%clk 0:38:31]} 20. dxc5 {[%clk 0:53:17]} Qxf2 {[%clk 0:38:11]} 21. Nxd5
{[%clk 0:53:36]} Qxc5 {[%clk 0:36:17]} 22. Rhe1 {[%clk 0:37:53]} Nc6 {[%clk
0:22:52]} 23. Rxe4 {[%clk 0:20:48]} Na5 {[%clk 0:22:21]} 24. Ne7+ {[%clk
0:20:18]} Qxe7 {[%clk 0:12:28]} 25. Rxe7 {[%clk 0:20:40]} Nxb3+ {[%clk
0:12:55]} 26. axb3 {[%clk 0:21:02]} Rhf8 {[%clk 0:11:12]} 27. Rxd8+ {[%clk
0:20:36]} Kxd8 {[%clk 0:10:45]} 28. Re6 {[%clk 0:19:53]} Rf1+ {[%clk 0:10:02]}
29. Kc2 {[%clk 0:20:18]} Rf2+ {[%clk 0:10:26]} 30. Kb1 {[%clk 0:20:42]} h5
{[%clk 0:09:36]} 31. Re5 {[%clk 0:18:42]} Rxg2 {[%clk 0:09:48]} 32. h4 {[%clk
0:19:00]} Rg4 {[%clk 0:04:49]} 33. hxg5 {[%clk 0:18:23]} h4 {[%clk 0:05:12]}
34. g6 {[%clk 0:17:49]} Rxg6 {[%clk 0:05:00]} 35. Rh5 {[%clk 0:18:12]} Rg4
{[%clk 0:05:25]} 36. Rh7 {[%clk 0:18:04]} Kc8 {[%clk 0:04:59]} 37. Ka2 {[%clk
0:18:15]} Kb8 {[%clk 0:03:11]} 38. c4 {[%clk 0:17:22]} Ka7 {[%clk 0:02:18]} 39.
Ka3 {[%clk 0:17:02]} Kb6 {[%clk 0:01:22]} 40. Rh5 {[%clk 0:16:49]} Ka7 {[%clk
0:00:50]} 41. Kb4 {[%clk 0:15:12]} Kb6 1/2-1/2